000 00718nam a22002531c 4500
001 a987662299
008 081021s2002 gw |||| 000u rus d
041 _arus
100 1 _aLongworth, John A.
240 1 2 _aA year among the circassians
245 0 0 _aGod sredi čerkesov :
_bv dvuch tomach /
_cDž. A. Longvort - s anglijskogo perevel V. M. Atalikov
264 _aNal'čik :
_bEl'-Fa,
_c2002
650 0 _aThe Times
650 0 _aZeitung
650 0 _aKaukasus
650 0 _aNordkaukasus
650 0 _aTscherkessen
655 0 _aAutobiographie
655 0 _aReisebericht
942 _cMG
040 _cRU-10907106
003 RU-10907106
999 _c11261
_d11261
490 0 _aKavkazskij literaturno-istoričeskij olimp
_v10